<?xml version="1.0" encoding="UTF-8"?>
<record
    xmlns:xsi="http://www.w3.org/2001/XMLSchema-instance"
    xsi:schemaLocation="http://www.loc.gov/MARC21/slim http://www.loc.gov/standards/marcxml/schema/MARC21slim.xsd"
    xmlns="http://www.loc.gov/MARC21/slim">

  <leader>01204cam a22002411  4500</leader>
  <controlfield tag="001">he 68000173 </controlfield>
  <controlfield tag="003">DLC</controlfield>
  <controlfield tag="005">20260227111452.0</controlfield>
  <controlfield tag="008">850226s1967    is h          001 0 hebr </controlfield>
  <datafield tag="010" ind1=" " ind2=" ">
    <subfield code="a">he 68000173 </subfield>
  </datafield>
  <datafield tag="035" ind1=" " ind2=" ">
    <subfield code="a">(OCoLC)11735170</subfield>
  </datafield>
  <datafield tag="040" ind1=" " ind2=" ">
    <subfield code="a">DLC</subfield>
    <subfield code="c">WU</subfield>
    <subfield code="d">DLC</subfield>
  </datafield>
  <datafield tag="042" ind1=" " ind2=" ">
    <subfield code="a">premarc</subfield>
  </datafield>
  <datafield tag="050" ind1="0" ind2="0">
    <subfield code="a">BM522.45</subfield>
    <subfield code="b">.A5</subfield>
  </datafield>
  <datafield tag="100" ind1="0" ind2=" ">
    <subfield code="a">Isaiah ben Mali,</subfield>
    <subfield code="c">di Trani,</subfield>
    <subfield code="d">approximately 1200-</subfield>
  </datafield>
  <datafield tag="245" ind1="1" ind2="0">
    <subfield code="a">Teshuvot ha-Rid.</subfield>
  </datafield>
  <datafield tag="260" ind1=" " ind2=" ">
    <subfield code="a">Yerushalayim :</subfield>
    <subfield code="b">"Yad ha-Rav Hertsog"--i&#x1E25;ud mif&#x2BB;alim Toratiyim-sifrutiyim (Emet), Mekhon ha-Talmud ha-Yi&#x15B;re&#x2BC;eli ha-shalem,</subfield>
    <subfield code="c">727 [1967]</subfield>
  </datafield>
  <datafield tag="300" ind1=" " ind2=" ">
    <subfield code="a">66 p., 536 columns, 540-595 p. :</subfield>
    <subfield code="b">facsims. ;</subfield>
    <subfield code="c">27 cm.</subfield>
  </datafield>
  <datafield tag="500" ind1=" " ind2=" ">
    <subfield code="a">Added t.p.: Teshuvot harid : the Responsa of Rabbi Isaiah the Elder of Terrani, Italy (13th cent.).  Issued for the 1st time from Cambridge Manuscript with introd., annotations and indices by A.J. Wertheimer.  Jerusalem : "Yad Harav Herzog"--Rabbi Herzog World Academy ("Emet"), Institute for the Complete Israeli Talmu ; supported by the Wurzweiler Foundation and Astore Mayer Foundation.</subfield>
  </datafield>
  <datafield tag="650" ind1=" " ind2="0">
    <subfield code="a">Responsa</subfield>
    <subfield code="y">1040-1600.</subfield>
  </datafield>
  <datafield tag="700" ind1="1" ind2=" ">
    <subfield code="a">Wertheimer, Abraham Joseph.</subfield>
  </datafield>
  <datafield tag="710" ind1="2" ind2=" ">
    <subfield code="a">Mekhon ha-Talmud ha-Yi&#x15B;re&#x2BC;eli ha-shalem, Yerushalayim.</subfield>
  </datafield>
  <datafield tag="999" ind1=" " ind2=" ">
    <subfield code="c">32839</subfield>
    <subfield code="d">32839</subfield>
  </datafield>
</record>
